LIBRARY & INFORMATION CENTRE, KCAET, TAVANUR

ONLINE PUBLIC ACCESS CATALOGUE (OPAC)

Report of the national seminar on the place of spiritual values in education (Record no. 11534)

MARC details
000 -LEADER
fixed length control field 00386cam a2200133ua 4500
003 - CONTROL NUMBER IDENTIFIER
control field OSt
008 - FIXED-LENGTH DATA ELEMENTS--GENERAL INFORMATION
fixed length control field 221123b |||||||| |||| 00| 0 eng d
041 ## - LANGUAGE CODE
Language code of text/sound track or separate title eng
082 ## - DEWEY DECIMAL CLASSIFICATION NUMBER
Classification number 370.1
Item number SRI/RE
245 ## - TITLE STATEMENT
Title Report of the national seminar on the place of spiritual values in education
260 ## - PUBLICATION, DISTRIBUTION, ETC. (IMPRINT)
Place of publication Coimbatore :
Name of publisher Sri Ramakrishna mission vidyalaya ,
Year of publication 1963.
300 ## - PHYSICAL DESCRIPTION
Number of Pages 180 ; .
942 ## - ADDED ENTRY ELEMENTS (KOHA)
Koha item type Books
Holdings
Withdrawn status Lost status Damaged status Home library Current library Date acquired Full call number Accession Number Koha item type
Withdrawn     KAUAET Sanskrit University 07/04/2012 370.1 4617 Books
free website counter